00670 2200241 4500001002100000005001500021035002000036007000300056008004100059020001500100082001000115084001600125100002300141245009800164250001100262260004000273300004100313650001900354700001400373600001900387990001100406990001100417INLIS00000000000998820220117123603 a0010-0122000189ta220117 g 0 ind  a9790063164 a649.1 a649.1 HAN a0 aHandayani, Lestari1 aAgar Anak Nggak Gampang Sakit /cDr. dr. Lestari Handayani M.Med dan Dra Suhamiati, Apt., MSi aCet. 1 aJakarta :bAgroMedia Pustaka,c2011 avi + 138 hlm :bilus ;c17,5 x 14 cm 4aAnak Perawatan0 aSuhamiati 4aKesehatan Anak a14450A a14450B